Bước đầu tìm hiểu về "Hiện tượng Kim Dung" /

محفوظ في:
التفاصيل البيبلوغرافية
المؤلف الرئيسي: Trần Lê Hoa Tranh, ThS.
التنسيق: مقال
اللغة:Vietnamese
الموضوعات:
الوسوم: إضافة وسم
لا توجد وسوم, كن أول من يضع وسما على هذه التسجيلة!
Thư viện lưu trữ: Thư viện Trường Đại học Đà Lạt
LEADER 00781nam a2200265 4500
001 DLU090068006
005 ##20090415
040 # # |a DLU  |b vie 
041 # # |a vie 
044 # # |a vn 
100 # # |a Trần Lê Hoa Tranh,   |c ThS. 
245 # # |a Bước đầu tìm hiểu về "Hiện tượng Kim Dung" /  |c Trần Lê Hoa Tranh.  
653 # # |a Kim Dung 
653 # # |a Truyện kiếm hiệp 
653 # # |a Văn học nước ngoài 
773 # # |t Tạp chí văn học  |g Số 3(337), 2000, tr. 59-65,74 
920 # # |a Phòng Tạp chí -- Trung tâm Thông tin - Thư viện Trường Đại học Đà Lạt 
994 # # |a DLU 
900 # # |a True 
911 # # |a Nguyễn Thị Linh Chi 
925 # # |a G 
926 # # |a A 
927 # # |a BB 
980 # # |a Thư viện Trường Đại học Đà Lạt